| 000 | 00686nam a22002177a 4500 | ||
|---|---|---|---|
| 003 | OSt | ||
| 005 | 20210426115703.0 | ||
| 008 | 210128s1965 ||||| |||| 00| 0 eng d | ||
| 040 |
_aeng _beng _cDLC |
||
| 041 | _aeng | ||
| 080 |
_a61 (09) _bR-71 |
||
| 100 |
_9717 _aRogers, Bradway. Frank |
||
| 245 |
_aSelected Papers of John Shaw Billings _c/ by: Medical Library Association |
||
| 260 |
_aBaltimore, Maryland _bMedical Library Association, Waverly Press _c1965 |
||
| 300 |
_a300 p. _bill. |
||
| 650 | 0 |
_9335 _aHistory of Medicine |
|
| 650 | 0 |
_9237 _aBiography |
|
| 653 | _aმედიცინის ისტორია | ||
| 653 | _aბიოგრაფია | ||
| 942 |
_2udc _cBK |
||
| 999 |
_c1022 _d1022 |
||